000 00327nam a22000977a 4500
008 150622b xxu||||| |||| 00| 0 eng d
010 _8HCCRSF:005
245 _aHIGH COURT CRIMINAL SESSION NO.14 OF 1969 Uganda Vs 1. Federick Masuba 2. George William Muneko
260 _aHigh Court Kampala
500 _3BEFORE: Hon. Mr. Justice Jones
999 _c6577
_d6577